[Event "FRA-chT2 0910"]
[Site "France"]
[Date "2009.12.13"]
[Round "6.8"]
[White "Joguet, Myriam"]
[Black "Becht, Pierre"]
[Result "1-0"]
[WhiteElo "1770"]
[BlackElo "1499"]
[PlyCount "41"]
[EventDate "2009.09.27"]
[EventType "team-tourn"]
[EventRounds "11"]
[EventCountry "FRA"]
[SourceTitle "EXT 2011"]
[Source "ChessBase"]
[SourceDate "2010.11.26"]
[SourceVersion "1"]
[SourceVersionDate "2010.11.26"]
[SourceQuality "1"]

1. Nf3 d5 2. d4 Nc6 3. Bf4 f6 4. e3 Bf5 5. c3 Bg4 6. Be2 Qd7 7. Nbd2 e6 8. h3 Bf5 9. Nb3 b6 10. Bd3 Nge7 11. Qc2 Qc8 12. 0-0 g5 13. Bxf5 Nxf5 14. Bh2 Bd6 15. e4 Nh4 16. Nxh4 Rg8 17. Nf3 Bf4 18. exd5 exd5 19. Qxh7 Ne7 20. Rae1 Qd7 21. Qxg8# 1-0